| 000 | 01163nab a22002297a 4500 | ||
|---|---|---|---|
| 999 |
_c5476 _d5476 |
||
| 003 | OSt | ||
| 005 | 20251123230136.0 | ||
| 008 | 190603e xxum|||| |||| 00| 0 spa d | ||
| 040 | _cPJ | ||
| 100 |
_95765 _aOjeda, María Verónica |
||
| 245 | 1 | 0 |
_aEn nombre del bien de los niños: interés superior, centro de vida y juez competente / _cMaría Verónica Ojeda. |
| 260 |
_cCiudad Autónoma de Buenos Aires : _aThomson Reuters La Ley, _b2025. |
||
| 300 | _ap. 114-119 | ||
| 500 | _aCita Online: TR LALEY AR/DOC/54/2025. | ||
| 505 | _aSumario: I. Introducción.— II. Marco fáctico.— III. Cambio de paradigma. La importancia del centro de vida.— IV. Palabras finales. | ||
| 505 | _tFallo comentado: CS ~ 24/09/2024 ~ G., D. G. c. P., J. P. s/ cuidado personal (mixto). | ||
| 505 | _t¿Te interesa el texto completo? Solicitalo al correo: koha@justierradelfuego.gov.ar | ||
| 650 | 0 |
_92741 _aDERECHOS DE LAS NIÑAS, NIÑOS Y ADOLESCENTES |
|
| 650 | 0 |
_94097 _aINTERES SUPERIOR DEL NIÑO |
|
| 773 | 0 |
_02713 _93170 _dCiudad Autónoma de Buenos Aires : Thomson Reuters La Ley, 2015- _tRevista Código Civil y Comercial. Nº 2 - Abril 2025 |
|
| 942 |
_2udc _cANA |
||